<?xml version="1.0" encoding="UTF-8"?><?xml-stylesheet type="text/xsl" href="static/style.xsl"?><OAI-PMH xmlns="http://www.openarchives.org/OAI/2.0/" xmlns:xsi="http://www.w3.org/2001/XMLSchema-instance" xsi:schemaLocation="http://www.openarchives.org/OAI/2.0/ http://www.openarchives.org/OAI/2.0/OAI-PMH.xsd"><responseDate>2026-04-17T03:53:30Z</responseDate><request verb="GetRecord" identifier="oai:www.recercat.cat:20.500.14342/3684" metadataPrefix="marc">https://recercat.cat/oai/request</request><GetRecord><record><header><identifier>oai:recercat.cat:20.500.14342/3684</identifier><datestamp>2025-05-21T23:40:06Z</datestamp><setSpec>com_2072_482405</setSpec><setSpec>com_2072_183628</setSpec><setSpec>col_2072_482411</setSpec></header><metadata><record xmlns="http://www.loc.gov/MARC21/slim" xmlns:dcterms="http://purl.org/dc/terms/" xmlns:xsi="http://www.w3.org/2001/XMLSchema-instance" xmlns:doc="http://www.lyncode.com/xoai" xsi:schemaLocation="http://www.loc.gov/MARC21/slim http://www.loc.gov/standards/marcxml/schema/MARC21slim.xsd">
   <leader>00925njm 22002777a 4500</leader>
   <datafield ind2=" " ind1=" " tag="042">
      <subfield code="a">dc</subfield>
   </datafield>
   <datafield ind2=" " ind1=" " tag="720">
      <subfield code="a">Oviedo, Guillermo R.</subfield>
      <subfield code="e">author</subfield>
   </datafield>
   <datafield ind2=" " ind1=" " tag="720">
      <subfield code="a">Carbó-Carreté, Maria</subfield>
      <subfield code="e">author</subfield>
   </datafield>
   <datafield ind2=" " ind1=" " tag="720">
      <subfield code="a">Guerra-Balic, Myriam</subfield>
      <subfield code="e">author</subfield>
   </datafield>
   <datafield ind2=" " ind1=" " tag="720">
      <subfield code="a">Tamulevicius, Nauris</subfield>
      <subfield code="e">author</subfield>
   </datafield>
   <datafield ind2=" " ind1=" " tag="720">
      <subfield code="a">Esquius, Laura</subfield>
      <subfield code="e">author</subfield>
   </datafield>
   <datafield ind2=" " ind1=" " tag="720">
      <subfield code="a">Guàrdia Olmos, Joan</subfield>
      <subfield code="e">author</subfield>
   </datafield>
   <datafield ind2=" " ind1=" " tag="720">
      <subfield code="a">Javierre, Casimiro</subfield>
      <subfield code="e">author</subfield>
   </datafield>
   <datafield ind2=" " ind1=" " tag="260">
      <subfield code="c">2022-08</subfield>
   </datafield>
   <datafield ind2=" " ind1=" " tag="520">
      <subfield code="a">Introduction: The genetic disorder causing Down syndrome (DS) affects the&#xd;
cardiorespiratory and hemodynamic parameters. When exercising, sufficient&#xd;
blood flow is necessary for active muscles. Cardiac output (Q) must be&#xd;
proportional to the peripheral requirements. In case the stroke volume (SV)&#xd;
is lower, the heart rate (HR) will increase further in order to maintain an adequate&#xd;
blood flow in the active territories (HR compensatory response). People with DS&#xd;
have a lower HR response to maximal exercise. Nevertheless, the response of&#xd;
the hemodynamic and cardiorespiratory parameters during the submaximal&#xd;
phases of maximal exercise was not well studied.&#xd;
Objective: to evaluate cardiorespiratory and hemodynamic parameters 1)&#xd;
during submaximal and 2) maximal metabolic treadmill test in individuals&#xd;
with and without DS.&#xd;
Methods: fifteen adults with DS (age = 27.33 ± 4.98 years old; n = 12 males/&#xd;
3 females) and 15 adultswithout disabilities, matched by age and sex, participated in&#xd;
this cross-sectional study. Peak and submaximal cardiorespiratory and&#xd;
hemodynamic parameters were measured during a treadmill test. Linear mixedeffects&#xd;
models were used to analyse interactions between the variables. Post-hoc&#xd;
analyses were employed to assess within and between-group differences.&#xd;
Results: The DS group showed lower peak values for ventilation (VE), respiratory&#xd;
exchange ratio (RER), tidal volume (VT), ventilatory equivalent for O2 (VEqO2), endtidal&#xd;
partial pressure for O2 (PETO2), O2 uptake (VO2) andCO2 production (all p &lt; 0&#xd;
.050), Q, SV, systolic and diastolic blood pressure (SBP,DBP), andHR (all p &lt; 0 .050).&#xd;
There were group-by-time interactions (all p &lt; 0 .050) for all ventilatory submaximal values. Significant group and time differences were observed for VE;&#xd;
RER; respiratory rate (RR); VEqO2; PETO2; VO2, and VT (all p &lt; 0 .050). There were&#xd;
also group-by-time interactions (all p &lt; 0 .050) and group and time differences for&#xd;
SBP, mean arterial blood pressure (MAP) and HR (all p &lt; 0.010).&#xd;
Conclusion: During submaximal exercise, we verified a compensatory response&#xd;
of HR, and greater VE and VO2 in the individuals with DS. In addition, we were&#xd;
able to observe that the DS group had a reduced SBP and MAP response to&#xd;
submaximal exercise. On the other hand, we found that adults with DS have&#xd;
lower peak hemodynamic and cardiorespiratory values, and a lower cardiac&#xd;
reserve. Further research is warranted to investigate the effects of these results&#xd;
on the general health of adults with DS and the impact of long-term exercise&#xd;
programs on these parameters.</subfield>
   </datafield>
   <datafield ind1="8" ind2=" " tag="024">
      <subfield code="a">http://hdl.handle.net/20.500.14342/3684</subfield>
   </datafield>
   <datafield ind1="8" ind2=" " tag="024">
      <subfield code="a">https://doi.org/10.3389/fphys.2022.905795</subfield>
   </datafield>
   <datafield tag="653" ind2=" " ind1=" ">
      <subfield code="a">Down, Síndrome de</subfield>
   </datafield>
   <datafield tag="653" ind2=" " ind1=" ">
      <subfield code="a">Pressió sanguínia</subfield>
   </datafield>
   <datafield tag="653" ind2=" " ind1=" ">
      <subfield code="a">Exercici cardiorespiratori</subfield>
   </datafield>
   <datafield ind2="0" ind1="0" tag="245">
      <subfield code="a">Hemodynamic and cardiorespiratory responses to submaximal and maximal exercise in adults with Down syndrome</subfield>
   </datafield>
</record></metadata></record></GetRecord></OAI-PMH>